Expert en Rap FR ? Spécial série de Freestyle - Statistiques

Statistiques générales
  • Ce quiz a été pris 99 fois
  • Le résultat moyen est 13 sur 24
Statistiques - réponses
Titre Réponse % Correct
Drill FR Gazo
93%
AfroTrap MHD
93%
Binks to binks Ninho
91%
Ténébreux Koba la D
89%
Sheguey Gradur
87%
jesuispasséchezso Sofiane
79%
Double Bang Leto
74%
Freestyle 5 Mins ZKR
71%
Hrtbrk Kaza
64%
BX Land Heuss L'enfoiré
60%
Acharné ISK
59%
La Peuf Hornet La Frappe
54%
Akrapo UZI
53%
We La Rue Da Uzi
51%
#?EstLibérable Maes
47%
Cassage de nuques Jul
44%
Roulette Russe Sadek
43%
Sankhara Bolémvn
33%
B RK
32%
ACT Lacrim
31%
Rapport Timal
26%
L'Dose Liim's
17%
Brave Landy
16%
Wakztoubi 4Keus
15%
Aucun quiz correspondant
Distribution des résultats
% des personnes avec chaque résultat
Percentile par nombre de réponses
Votre historique - résultats
Vous n’avez pas pris ce quiz